Documento 9-2003 [sobre la] VIII Cumbre Económico-Social Euromediterránea (Registro nro. 16006)
[ vista simple ]
| 000 -CABECERA | |
|---|---|
| Longitud fija campo de control | 01800nam a2200409 c 4500 |
| 001 - NÚMERO DE CONTROL | |
| Número de control | 16006 |
| 003 - IDENTIFICADOR DE NÚMERO DE CONTROL | |
| Identificador del número de control | ES-MaCES |
| 005 - FECHA Y HORA DE LA ÚLTIMA TRANSACCIÓN | |
| Fecha y hora de la última transacción | 20150929135448.0 |
| 008 - CAMPO FIJO DE DESCRIPCIÓN FIJA--INFORMACIÓN GENERAL | |
| Códigos de información de longitud fija | 040123s2003 sp o100 | spa d |
| 017 ## - NÚMERO DE REGISTRO DE DERECHOS DE AUTOR Y DEPÓSITO LEGAL | |
| Número de copyright o de depósito legal | M 51064-2003 |
| Agencia que asigna el número | DL |
| 035 ## - NÚMERO DE CONTROL DEL SISTEMA | |
| Número de control del sistema | CES20040000763m |
| 040 ## - FUENTE DE CATALOGACIÓN | |
| Centro catalogador de origen | ES-MaCES |
| Lengua de catalogación | spa |
| Centro transcriptor | ES-MaCES |
| 111 2# - ENCABEZAMIENTO PRINCIPAL--NOMBRE DE REUNIÓN | |
| Nombre de congreso o jurisdicción como elemento de entrada | Cumbre Económico-Social Euromediterránea : Reunión de Consejos Económicos y Sociales e Instituciones Similares del Área Euromediterránea |
| Número del congreso o número de parte o sección de la obra | 8ª |
| Fecha del congreso | 2003 |
| Sede del congreso | Malta |
| 9 (RLIN) | 848 |
| 245 10 - MENCIÓN DE TÍTULO | |
| Título | Documento 9-2003 [sobre la] VIII Cumbre Económico-Social Euromediterránea |
| Resto del título | : Reunión de Consejos Económicos y Sociales e Instituciones Similares del Área Euromediterránea, Malta, 6 y 7 de noviembre de 2003 |
| 250 ## - MENCIÓN DE EDICIÓN | |
| Mención de edición | 1ª ed |
| 260 ## - PUBLICACIÓN, DISTRIBUCIÓN, ETC (PIE DE IMPRENTA) | |
| Lugar de publicación, distribución, etc. | Madrid |
| Nombre del editor, distribuidor, etc. | Consejo Económico y Social |
| Fecha de publicación, distribución, etc. | 2003 |
| 300 ## - DESCRIPCIÓN FÍSICA | |
| Extensión | 5 p. |
| Dimensiones | 25 cm |
| 490 1# - MENCIÓN DE SERIE | |
| Mención de serie | Colección Documentos |
| Designación de volumen o secuencia | 9-2003 |
| 500 ## - NOTA GENERAL | |
| Nota general | Tit. tomado de la cub |
| 541 ## - NOTA DE LA FUENTE INMEDIANTE DE ADQUISICIÓN | |
| Forma de adquisición | Gratuito |
| 650 #4 - ASIENTO SECUNDARIO DE MATERIA--TÉRMINO DE MATERIA | |
| Término de materia o nombre geográfico como elemento inicial | ayuda al desarrollo |
| 9 (RLIN) | 26634 |
| 650 #4 - ASIENTO SECUNDARIO DE MATERIA--TÉRMINO DE MATERIA | |
| Término de materia o nombre geográfico como elemento inicial | relaciones internacionales |
| 9 (RLIN) | 26675 |
| 650 #4 - ASIENTO SECUNDARIO DE MATERIA--TÉRMINO DE MATERIA | |
| Término de materia o nombre geográfico como elemento inicial | política comunitaria |
| 9 (RLIN) | 30776 |
| 650 #4 - ASIENTO SECUNDARIO DE MATERIA--TÉRMINO DE MATERIA | |
| Término de materia o nombre geográfico como elemento inicial | país mediterráneo |
| 9 (RLIN) | 29050 |
| 650 #4 - ASIENTO SECUNDARIO DE MATERIA--TÉRMINO DE MATERIA | |
| Término de materia o nombre geográfico como elemento inicial | declaración de políticas |
| 9 (RLIN) | 29625 |
| 650 #4 - ASIENTO SECUNDARIO DE MATERIA--TÉRMINO DE MATERIA | |
| Término de materia o nombre geográfico como elemento inicial | documento de conferencia |
| 9 (RLIN) | 28945 |
| 653 10 - TÉRMINO DE INDEXACIÓN--NO CONTROLADO | |
| Término no controlado | Cooperación al desarrollo |
| 650 #4 - ASIENTO SECUNDARIO DE MATERIA--TÉRMINO DE MATERIA | |
| 9 (RLIN) | 29234 |
| Término de materia o nombre geográfico como elemento inicial | desarrollo económico y social |
| 650 #4 - ASIENTO SECUNDARIO DE MATERIA--TÉRMINO DE MATERIA | |
| 9 (RLIN) | 26752 |
| Término de materia o nombre geográfico como elemento inicial | UE |
| 710 2# - ENCABEZAMIENTO SECUNDARIO--NOMBRE CORPORATIVO | |
| Nombre de entidad o nombre de jurisdicción como elemento inicial | Consejo Económico y Social (España) |
| Término indicativo de función | ed. |
| 9 (RLIN) | 2408 |
| 787 0# - ENTRADA DE OTRAS ESPECIFICACIONES | |
| Título | Documento 10-2005 [sobre la] IX Cumbre Económico-Soci al Euromediterránea |
| Número de control del registro relacionado | (ES-MaCES)18247 |
| 787 0# - ENTRADA DE OTRAS ESPECIFICACIONES | |
| Título | Documento 8-2002 [sobre la] VII Cumbre Económico-Social Euromediterránea |
| Número de control del registro relacionado | (ES-MaCES)14163 |
| 830 #0 - ENCABEZAMIENTO SECUNDARIO DE COLECCIÓN--TÍTULO UNIFORME | |
| Título uniforme | Colección Documentos (Consejo Económico y Social (España)) |
| Designación de volumen o secuencia | 9-2003 |
| 9 (RLIN) | 32523 |
| 902 ## - CES. TIPO DE DOCUMENTO | |
| Tipodoc (006$c Sirtex) | LIB Libro |
| 942 ## - ELEMENTOS KOHA | |
| Fuente de clasificaión o esquema | Clasificación propia del CES |
| Koha [por defecto] tipo de item | Monografías |
| Parte de clasificación | 1.2. |
| Número de registro | Signatura completa | Tipo de item de Koha |
|---|---|---|
| 055214 | - | Monografías |
